Twentieth Century Mexican Symphonic Music : Luna Ponce, Catán, Espinosa, Lavista, Zyman /

Uloženo v:
Podrobná bibliografie
Korporativní autor: Orquesta Filarmónica de la Ciudad de México (ejecución musical)
Další autoři: Luna Ponce, Armando (música y texto del folleto) (música y texto del folleto), Catán, Daniel (música y texto del folleto) (música y texto del folleto), Espinosa, Leandro (música y texto del folleto) (música y texto del folleto), Lavista, Mario (música) (música), Zyman, Samuel (música y texto del folleto) (música y texto del folleto), Diazmuñoz, Eduardo (dirección musical) (dirección musical), Moreno Rivas, Yolanda (texto del folleto) (texto del folleto)
Médium: Zvuková nahrávka
Vydáno: México : Prodisc, 1999, c1999
Edice:(Clásicos Mexicanos Spartacus)
Témata:
Tagy: Přidat tag
Žádné tagy, Buďte první, kdo vytvoří štítek k tomuto záznamu!

MARC

LEADER 00000njm^a2200000^a^4500
001 000186906
005 20251020000000.0
009 20260310102243.783
037 |a Acervo ITESO - Biblioteca 
041 |a SON 
082 |a 784. 97206  |b ORQ V. 3 
110 |a Orquesta Filarmónica de la Ciudad de México  |e (ejecución musical) 
240 1 1 |a [Twentieth Century Mexican Symphonic Music] 
240 1 1 |a [Elegía, de Armando Luna Ponce] 
240 1 1 |a [En un doblez del tiempo] 
240 1 1 |a [Obertura a Ifigenia cruel] 
240 1 1 |a [Ficciones, de Mario Lavista] 
240 1 1 |a [Soliloquio] 
245 1 0 |a Twentieth Century Mexican Symphonic Music :  |b Luna Ponce, Catán, Espinosa, Lavista, Zyman /  |c Ejecución musical de la Orquesta Filarmónica de la Ciudad de México ; dir. musical de E. Diazmuñoz ; texto del folleto de A. Luna Ponce... [et al.]. 
264 4 |a México :  |b Prodisc,  |c 1999, c1999 
300 |a 1 disco compacto sonoro (61 min.) +  |e 1 folleto (15 p.) 
336 |a música interpretada  |b prm  |2 rdacontenido 
337 |a audio  |b s  |2 rdamedio 
338 |a disco sonoro  |b sd  |2 rdasoporte 
440 1 |a (Clásicos Mexicanos Spartacus) 
546 |a Edición bilingüe español-inglés (folleto) 
649 |a XX 
650 |a Músicos Mexicanos 
650 |a Artistas Mexicanos 
650 |a Música Moderna -  |z México 
650 |a Música Sinfónica -  |z México 
650 |a Música de Concierto -  |z México 
650 |a Música Mexicana -  |y Siglo XX 
650 |a Luna Ponce, Armando 
650 |a Catán, Daniel 
650 |a Espinosa, Leandro 
650 |a Lavista, Mario 
650 |a Zyman, Samuel 
650 |a Diazmuñoz, Eduardo 
700 |a Luna Ponce, Armando  |e (música y texto del folleto) 
700 |a Catán, Daniel  |e (música y texto del folleto) 
700 |a Espinosa, Leandro  |e (música y texto del folleto) 
700 |a Lavista, Mario  |e (música) 
700 |a Zyman, Samuel  |e (música y texto del folleto) 
700 |a Diazmuñoz, Eduardo  |e (dirección musical) 
700 |a Moreno Rivas, Yolanda  |e (texto del folleto) 
910 |a Fondo General 
920 |a Sonoros - CDs 
940 |a CDs de Música 
905 |a 401 
901 |a 0500128774  |b IT2  |c CDM  |u 20250521 
901 |a 0500128771  |b IT2  |c MIM  |u 20251020 
902 |a https://opac.biblio.iteso.mx/vufind/Record/000186906